Fundamentals of structural analysis with computer analysis & applications / (Record no. 966)
[ view plain ]
| 000 -LEADER | |
|---|---|
| fixed length control field | 00922nac a22001931u 4500 |
| 020 ## - INTERNATIONAL STANDARD BOOK NUMBER | |
| International Standard Book Number | 8121921953 |
| 082 ## - DEWEY DECIMAL CLASSIFICATION NUMBER | |
| Classification number | 624.17 |
| Item number | R8881 |
| 090 ## - LOCALLY ASSIGNED LC-TYPE CALL NUMBER (OCLC); LOCAL CALL NUMBER (OCLC) | |
| -- | 966 |
| -- | 966 |
| 100 ## - MAIN ENTRY--PERSONAL NAME | |
| Personal name | Roy, Sujit Kumar |
| 245 ## - TITLE STATEMENT | |
| Title | Fundamentals of structural analysis with computer analysis & applications / |
| Statement of responsibility, etc | Sujit Kumar Roy, Subrata Chakrabarty |
| 260 ## - PUBLICATION, DISTRIBUTION, ETC. (IMPRINT) | |
| Place of publication, distribution, etc | New Delhi : |
| Name of publisher, distributor, etc | S Chand & Co., |
| Date of publication, distribution, etc | 2003. |
| 300 ## - PHYSICAL DESCRIPTION | |
| Extent | 980 p.: |
| Other physical details | Diagram, |
| Dimensions | 24 cm. |
| 500 ## - GENERAL NOTE | |
| General note | Includes index. |
| 650 ## - SUBJECT ADDED ENTRY--TOPICAL TERM | |
| Topical term or geographic name as entry element | Structural analysis (Engineering) |
| 700 ## - ADDED ENTRY--PERSONAL NAME | |
| Personal name | Chakrabarty, Subrata. |
| 942 ## - ADDED ENTRY ELEMENTS (KOHA) | |
| Item type | Book - Borrowing |
| Call number prefix | 624.17R8881 |
| Withdrawn status | Item status | Damaged status | Not for loan | Home library | Current library | Shelving location | Date acquired | Source of acquisition | Total Checkouts | Total Renewals | Full call number | Barcode | Date last seen | Date last borrowed | Koha item type | Source of classification or shelving scheme | Vendor | Cost, normal purchase price | Serial Enumeration / chronology |
|---|---|---|---|---|---|---|---|---|---|---|---|---|---|---|---|---|---|---|---|
| Central Library | Central Library | First floor | 06/08/2013 | Purchase | 8 | 31 | 624.17 ROY | 000003551 | 15/07/2025 | 04/11/2015 | Book - Borrowing | ||||||||
| Central Library | Central Library | First floor | 23/04/2009 | 2 | 624.17 ROY | 000015997 | 15/07/2025 | 14/11/2011 | NB - Book (Non borrowing) | Dewey Decimal Classification | Alahram | 128.00 | 372 |